<?xml version="1.0" encoding="UTF-8"?>
<record
    xmlns:xsi="http://www.w3.org/2001/XMLSchema-instance"
    xsi:schemaLocation="http://www.loc.gov/MARC21/slim http://www.loc.gov/standards/marcxml/schema/MARC21slim.xsd"
    xmlns="http://www.loc.gov/MARC21/slim">

  <leader>00502nam a2200181   4500</leader>
  <controlfield tag="003">SEACOMEC</controlfield>
  <controlfield tag="005">20240111132839.0</controlfield>
  <controlfield tag="008">240111b        |||||||| |||| 00| 0 eng d</controlfield>
  <datafield tag="020" ind1=" " ind2=" ">
    <subfield code="c">Rs.250.00</subfield>
  </datafield>
  <datafield tag="040" ind1=" " ind2=" ">
    <subfield code="a">SEACOMEC</subfield>
  </datafield>
  <datafield tag="082" ind1=" " ind2=" ">
    <subfield code="a">620.102</subfield>
    <subfield code="b">K87</subfield>
  </datafield>
  <datafield tag="100" ind1=" " ind2=" ">
    <subfield code="a">Kathandaragman,C.P.</subfield>
  </datafield>
  <datafield tag="245" ind1="1" ind2=" ">
    <subfield code="a">Basic fluid mechanics</subfield>
    <subfield code="c">C.P. Kathandaragman,R. Rudramoorthy</subfield>
  </datafield>
  <datafield tag="260" ind1=" " ind2=" ">
    <subfield code="a">New Delhi</subfield>
    <subfield code="b">New Age</subfield>
    <subfield code="c">1999</subfield>
  </datafield>
  <datafield tag="650" ind1=" " ind2=" ">
    <subfield code="a">Technology,Engineering mechanics and materials</subfield>
  </datafield>
  <datafield tag="700" ind1=" " ind2=" ">
    <subfield code="a">Rudramoorthy,R.</subfield>
  </datafield>
  <datafield tag="942" ind1=" " ind2=" ">
    <subfield code="c">BOOK</subfield>
  </datafield>
  <datafield tag="952" ind1=" " ind2=" ">
    <subfield code="0">0</subfield>
    <subfield code="1">0</subfield>
    <subfield code="2">ddc</subfield>
    <subfield code="4">0</subfield>
    <subfield code="7">0</subfield>
    <subfield code="a">SEACOMEC</subfield>
    <subfield code="b">SEACOMEC</subfield>
    <subfield code="d">2006-06-04</subfield>
    <subfield code="l">0</subfield>
    <subfield code="o">620.102 K87</subfield>
    <subfield code="p">01502</subfield>
    <subfield code="r">2024-01-11 13:29:13</subfield>
    <subfield code="t">10</subfield>
    <subfield code="w">2024-01-11</subfield>
    <subfield code="y">BOOK</subfield>
  </datafield>
  <datafield tag="952" ind1=" " ind2=" ">
    <subfield code="0">0</subfield>
    <subfield code="1">0</subfield>
    <subfield code="2">ddc</subfield>
    <subfield code="4">0</subfield>
    <subfield code="7">0</subfield>
    <subfield code="a">SEACOMEC</subfield>
    <subfield code="b">SEACOMEC</subfield>
    <subfield code="d">2006-06-04</subfield>
    <subfield code="l">0</subfield>
    <subfield code="o">620.102 K87</subfield>
    <subfield code="p">01503</subfield>
    <subfield code="r">2024-01-11 13:29:13</subfield>
    <subfield code="t">11</subfield>
    <subfield code="w">2024-01-11</subfield>
    <subfield code="y">BOOK</subfield>
  </datafield>
  <datafield tag="952" ind1=" " ind2=" ">
    <subfield code="0">0</subfield>
    <subfield code="1">0</subfield>
    <subfield code="2">ddc</subfield>
    <subfield code="4">0</subfield>
    <subfield code="7">0</subfield>
    <subfield code="a">SEACOMEC</subfield>
    <subfield code="b">SEACOMEC</subfield>
    <subfield code="d">2006-06-04</subfield>
    <subfield code="l">0</subfield>
    <subfield code="o">620.102 K87</subfield>
    <subfield code="p">01504</subfield>
    <subfield code="r">2024-01-11 13:29:13</subfield>
    <subfield code="t">12</subfield>
    <subfield code="w">2024-01-11</subfield>
    <subfield code="y">BOOK</subfield>
  </datafield>
  <datafield tag="952" ind1=" " ind2=" ">
    <subfield code="0">0</subfield>
    <subfield code="1">0</subfield>
    <subfield code="2">ddc</subfield>
    <subfield code="4">0</subfield>
    <subfield code="7">0</subfield>
    <subfield code="a">SEACOMEC</subfield>
    <subfield code="b">SEACOMEC</subfield>
    <subfield code="d">2006-06-04</subfield>
    <subfield code="l">0</subfield>
    <subfield code="o">620.102 K87</subfield>
    <subfield code="p">01505</subfield>
    <subfield code="r">2024-01-11 13:29:13</subfield>
    <subfield code="t">13</subfield>
    <subfield code="w">2024-01-11</subfield>
    <subfield code="y">BOOK</subfield>
  </datafield>
  <datafield tag="952" ind1=" " ind2=" ">
    <subfield code="0">0</subfield>
    <subfield code="1">0</subfield>
    <subfield code="2">ddc</subfield>
    <subfield code="4">0</subfield>
    <subfield code="7">0</subfield>
    <subfield code="a">SEACOMEC</subfield>
    <subfield code="b">SEACOMEC</subfield>
    <subfield code="d">2006-06-04</subfield>
    <subfield code="l">0</subfield>
    <subfield code="o">620.102 K87</subfield>
    <subfield code="p">01506</subfield>
    <subfield code="r">2024-01-11 13:29:13</subfield>
    <subfield code="t">14</subfield>
    <subfield code="w">2024-01-11</subfield>
    <subfield code="y">BOOK</subfield>
  </datafield>
  <datafield tag="952" ind1=" " ind2=" ">
    <subfield code="0">0</subfield>
    <subfield code="1">0</subfield>
    <subfield code="2">ddc</subfield>
    <subfield code="4">0</subfield>
    <subfield code="7">0</subfield>
    <subfield code="a">SEACOMEC</subfield>
    <subfield code="b">SEACOMEC</subfield>
    <subfield code="d">2006-06-04</subfield>
    <subfield code="l">0</subfield>
    <subfield code="o">620.102 K87</subfield>
    <subfield code="p">01507</subfield>
    <subfield code="r">2024-01-11 13:29:13</subfield>
    <subfield code="t">15</subfield>
    <subfield code="w">2024-01-11</subfield>
    <subfield code="y">BOOK</subfield>
  </datafield>
  <datafield tag="952" ind1=" " ind2=" ">
    <subfield code="0">0</subfield>
    <subfield code="1">0</subfield>
    <subfield code="2">ddc</subfield>
    <subfield code="4">0</subfield>
    <subfield code="7">0</subfield>
    <subfield code="a">SEACOMEC</subfield>
    <subfield code="b">SEACOMEC</subfield>
    <subfield code="d">2006-06-04</subfield>
    <subfield code="l">0</subfield>
    <subfield code="o">620.102 K87</subfield>
    <subfield code="p">01508</subfield>
    <subfield code="r">2024-01-11 13:29:13</subfield>
    <subfield code="t">16</subfield>
    <subfield code="w">2024-01-11</subfield>
    <subfield code="y">BOOK</subfield>
  </datafield>
  <datafield tag="952" ind1=" " ind2=" ">
    <subfield code="0">0</subfield>
    <subfield code="1">0</subfield>
    <subfield code="2">ddc</subfield>
    <subfield code="4">0</subfield>
    <subfield code="7">0</subfield>
    <subfield code="a">SEACOMEC</subfield>
    <subfield code="b">SEACOMEC</subfield>
    <subfield code="d">2006-06-04</subfield>
    <subfield code="l">0</subfield>
    <subfield code="o">620.102 K87</subfield>
    <subfield code="p">01509</subfield>
    <subfield code="r">2024-01-11 13:29:13</subfield>
    <subfield code="t">17</subfield>
    <subfield code="w">2024-01-11</subfield>
    <subfield code="y">BOOK</subfield>
  </datafield>
  <datafield tag="952" ind1=" " ind2=" ">
    <subfield code="0">0</subfield>
    <subfield code="1">0</subfield>
    <subfield code="2">ddc</subfield>
    <subfield code="4">0</subfield>
    <subfield code="7">0</subfield>
    <subfield code="a">SEACOMEC</subfield>
    <subfield code="b">SEACOMEC</subfield>
    <subfield code="d">2006-06-04</subfield>
    <subfield code="l">0</subfield>
    <subfield code="o">620.102 K87</subfield>
    <subfield code="p">01510</subfield>
    <subfield code="r">2024-01-11 13:29:13</subfield>
    <subfield code="t">18</subfield>
    <subfield code="w">2024-01-11</subfield>
    <subfield code="y">BOOK</subfield>
  </datafield>
  <datafield tag="952" ind1=" " ind2=" ">
    <subfield code="0">0</subfield>
    <subfield code="1">0</subfield>
    <subfield code="2">ddc</subfield>
    <subfield code="4">0</subfield>
    <subfield code="7">0</subfield>
    <subfield code="a">SEACOMEC</subfield>
    <subfield code="b">SEACOMEC</subfield>
    <subfield code="d">2006-06-04</subfield>
    <subfield code="l">0</subfield>
    <subfield code="o">620.102 K87</subfield>
    <subfield code="p">01511</subfield>
    <subfield code="r">2024-01-11 13:29:13</subfield>
    <subfield code="t">19</subfield>
    <subfield code="w">2024-01-11</subfield>
    <subfield code="y">BOOK</subfield>
  </datafield>
  <datafield tag="999" ind1=" " ind2=" ">
    <subfield code="c">454</subfield>
    <subfield code="d">454</subfield>
  </datafield>
</record>
